Quizzes
Events
Quiz Creation
Community
Videos
Private Events
Remove Ads
Sign In
Join for FREE
Feedback
Dark Mode
Quiz Categories
Sports
Geography
Music
Movies
Television
Just For Fun
Miscellaneous
History
Literature
Language
Science
Gaming
Entertainment
Religion
Holiday
For Kids
Quiz Lab
Recent
Popular Today
Quiz Kudos Today
Editor Picks
Curator Picks
Quizzes by...
Day
Popularity
Type
Ratings
Length
Year
Community
Subscriptions
Recent Discussions
Orange Saloon
Badges
Playlists
Quests
Create
Leaderboards
Showdown
Live 5
Trivia Bingo
Activity
Puzzle Library
Sporcle Events
Private Events
Virtual Trivia
Globe League
Become a Host
Pub Owners
SporcleCon
Opinionation
Our Games
Videos
Blog
Mobile Apps
Partnerships
Remove Ads and Go Orange
Feedback
Sports
Athletes
MLB
NBA
NHL
NFL
Soccer
Sports Teams
WWE
NCAA
Football
Premier League
Basketball
Baseball
Hockey
Golf
Tennis
Cricket
Rugby
Auto Racing
Olympics
World Cup
Sports
Athletes
MLB
NBA
NHL
NFL
Soccer
Sports Teams
WWE
NCAA
Football
Premier League
Basketball
Baseball
Hockey
Golf
Tennis
Cricket
Rugby
Auto Racing
Olympics
World Cup
Random Quiz
Search Sporcle
×
Quiz Lab
Quiz Lab
Sports
Football
Type in answers that appear in a list
Type in answers that appear in a list
Classic
Best Score? Go Orange.
Brazilian Championship Winners' Starting XI (1988-2002) Stats
Can you name the players who started for the Brazilian Championship winners in the finals between 1988 and 2002?
By
dema77
18m
165 Questions
554 Plays
554 Plays
554 Plays
Comments
Comments
Give Quiz Kudos
Give Quiz Kudos
-
- Ratings
hide this ad
More Info
Replay
Link that replays current quiz
Next Quiz
Link to next quiz in quiz playlist
You Got
0%
They Got
Avg Score
52%
Avg Friend Score
Upgrade to see
Score Distribution
Jump to the score distribution portion of the page
Score
0/165
Timer
18:00
0
Plays Today
Team
Player
% Correct
Vasco '00
Romário
90.2%
Santos '02
Robinho
88.1%
Palmeiras '93
Roberto Carlos
86.4%
Vasco '97
Edmundo
85.7%
Palmeiras '94
Edmundo
85.7%
Palmeiras '93
Edmundo
85.7%
Santos '02
Diego
84.8%
Palmeiras '94
Antônio Carlos
83.5%
Palmeiras '93
Antônio Carlos
83.5%
São Paulo '91
Antônio Carlos
83.5%
Vasco '00
Juninho Paulista
83.4%
Corinthians '90
Ronaldo
83.4%
Bahia '88
Ronaldo
83.4%
Santos '02
Léo
82.6%
Bahia '88
Zé Carlos
82.3%
Vasco '97
Juninho Pernambucano
81.7%
Corinthians '99
Dida
80.8%
Vasco '00
Juninho Pernambucano
80.7%
Corinthians '99
Kleber
80.1%
Santos '02
Alex
79.9%
Corinthians '99
João Carlos
79.7%
São Paulo '91
Raí
79.2%
São Paulo '91
Cafu
78.3%
Corinthians '98
Edílson
78.1%
Palmeiras '93
Edílson
78.1%
Botafogo '95
Túlio
77.9%
Corinthians '99
Edílson
77.8%
Corinthians '99
Marcelinho Carioca
77.6%
Corinthians '98
Marcelinho Carioca
77.4%
Santos '02
Renato
76.5%
Santos '02
Elano
75.9%
Santos '02
Fábio Costa
75.2%
Palmeiras '94
Rivaldo
74.7%
Corinthians '99
Vampeta
74.5%
Corinthians '98
Vampeta
74.5%
São Paulo '91
Zetti
74%
Grêmio '96
Paulo Nunes
73.8%
Flamengo '92
Júnior
71.4%
Corinthians '99
Ricardinho
71.1%
Corinthians '90
Neto
71.1%
Santos '02
André Luís
70.5%
Corinthians '98
Ricardinho
70.3%
Atlético-
PR '01
Alex Mineiro
70%
Corinthians '99
Rincón
69.6%
Corinthians '98
Rincón
69.6%
São Paulo '91
Müller
68%
Palmeiras '94
Zinho
67.5%
Palmeiras '93
Zinho
67.5%
Flamengo '92
Zinho
67.5%
Vasco '97
Carlos Germano
67.1%
Vasco '97
Mauro Galvão
67.1%
Atlético-
PR '01
Kleberson
66.5%
Vasco '97
Evair
66.5%
Palmeiras '94
Evair
66.5%
Palmeiras '93
Evair
66.5%
Team
Player
% Correct
Grêmio '96
Mauro Galvão
66.2%
Vasco '00
Odvan
65.6%
Vasco '97
Odvan
65.6%
Corinthians '90
Paulo Sérgio
65.5%
Palmeiras '93
Sérgio
64.7%
Vasco '89
Bebeto
64%
Vasco '00
Hélton
63.5%
Grêmio '96
Danrlei
63.5%
Palmeiras '94
Velloso
61.8%
Palmeiras '94
César Sampaio
61.8%
Palmeiras '93
César Sampaio
61.8%
Vasco '00
Júnior Baiano
61.5%
Vasco '00
Jorginho
60%
Vasco '00
Euller
59%
Botafogo '95
Donizete
57.9%
Vasco '97
Felipe
57.5%
Atlético-
PR '01
Kléber Pereira
57%
Palmeiras '93
Mazinho
57%
Vasco '89
Mazinho
57%
Bahia '88
Bobô
57%
Corinthians '98
Gamarra
56.1%
Vasco '00
Nasa
55.3%
Vasco '97
Nasa
55.3%
Santos '02
Paulo Almeida
55%
Corinthians '99
Márcio Costa
54.8%
Palmeiras '94
Cléber
54.2%
Palmeiras '93
Cléber
54.2%
Grêmio '96
Arce
53.2%
Flamengo '92
Gaúcho
53.2%
Corinthians '99
Índio
52.8%
Palmeiras '94
Wágner
52.3%
Santos '02
Maurinho
51.7%
São Paulo '91
Leonardo
51.7%
Corinthians '98
Índio
51.5%
Botafogo '95
André Silva
51.5%
Flamengo '92
Júlio César
51%
Flamengo '92
Gilmar Rinaldi
50.1%
Botafogo '95
Wagner
49.7%
Botafogo '95
Gonçalves
49.5%
Grêmio '96
Roger Machado
49%
São Paulo '91
Ronaldão
49%
Vasco '00
Jorginho Paulista
47.6%
Palmeiras '93
Gil Baiano
47.6%
Grêmio '96
Dinho
47.2%
Grêmio '96
Carlos Miguel
46.8%
Botafogo '95
Wilson Gottardo
46.8%
Flamengo '92
Wilson Gottardo
46.8%
Atlético-
PR '01
Flávio
45.8%
Corinthians '98
Nei
44.8%
Corinthians '90
Tupãzinho
43.2%
Atlético-
PR '01
Cocito
42.9%
Grêmio '96
Rivarola
42.7%
Palmeiras '94
Flávio Conceição
41.8%
Santos '02
William
39.4%
Corinthians '98
Batata
39.4%
Team
Player
% Correct
Botafogo '95
Wilson Goiano
39.2%
Grêmio '96
Luiz Carlos Goiano
38.7%
Botafogo '95
Sérgio Manoel
38.5%
Vasco '89
William
38.5%
Corinthians '90
Wilson Mano
37.8%
Grêmio '96
Émerson
37.6%
Vasco '89
Sorato
37.6%
Flamengo '92
Piá Carioca
37.4%
Bahia '88
João Marcelo
37.3%
Corinthians '98
Sylvinho
36.9%
Vasco '97
Ramon
36.9%
Corinthians '90
Márcio Bittencourt
36.5%
Atlético-
PR '01
Gustavo
36.3%
São Paulo '91
Ricardo Rocha
36.3%
Corinthians '98
Mirandinha
36.2%
Atlético-
PR '01
Fabiano
35.8%
Bahia '88
Charles
34.7%
Atlético-
PR '01
Alessandro
33.6%
Vasco '97
Luisinho
33.3%
Botafogo '95
Beto
32.2%
Palmeiras '94
Cláudio
31.6%
Vasco '89
Acácio
30.7%
Corinthians '90
Fabinho
29.8%
Vasco '89
Bismarck
29.8%
Vasco '97
Válber
27.7%
Atlético-
PR '01
Adriano Gabiru
27.1%
Vasco '00
Clébson
27.1%
Atlético-
PR '01
Nen
26.9%
Flamengo '92
Fabinho
26.8%
Corinthians '99
Gilmar Fubá
24.6%
Vasco '89
Luís Carlos Winck
23.7%
São Paulo '91
Macedo
23.5%
Atlético-
PR '01
Rogério Corrêa
22.8%
Grêmio '96
Zé Alcino
22.2%
Bahia '88
Marquinhos
21.7%
Flamengo '92
Charles Guerreiro
21.3%
Botafogo '95
Leandro Ávila
20.1%
Flamengo '92
Uidemar
18.8%
Corinthians '90
Giba
18.8%
Flamengo '92
Gélson Baresi
18.1%
Corinthians '90
Guinei
17.9%
São Paulo '91
Bernardo
17.7%
Corinthians '90
Marcelo Djian
17.5%
Vasco '89
Quiñónez
17.5%
Corinthians '90
Jacenir
16.5%
Botafogo '95
Jamir
16.3%
Vasco '89
Boiadeiro
15.9%
Vasco '89
Zé do Carmo
13.7%
Bahia '88
Paulo Robson
13.4%
Bahia '88
Paulo Rodrigues
13.4%
Vasco '89
Marco Aurélio
11.9%
São Paulo '91
Zé Teodoro
11.4%
Bahia '88
Tarantini
7.8%
Bahia '88
Claudir
6.9%
Bahia '88
Gil Sergipano
6.3%
Quiz Playlist
Details
Report
Send in Message
Add To Playlist
More Info:
Name all the starting XIs of Brazilian Championship Serie A winners in the finals between 1988 and 2002
Classic:
Type in answers that appear in a list
Quiz Source
Last Updated: Feb 16, 2017
Quiz Scoreboard
CHALLENGE
Sign Up to Join the Scoreboard
Show All
Scores
Hide
Comments
May contain spoilers
Recently Published
Movies - When Are They Set?
by FPL_Elf
Movies
5m
Popular People in 1961
by mucciniale
History
6m
1-10 Letter E Words III
by El_Dandy
Language
2m
More to Explore
Quiz From the Vault
Featured Blog Post
Where Did the Easter Bunny Come From?
hide this ad
You Might Also Like...
Tags
Football Quiz
Soccer Quiz
Brazilian
Brazilian Championship
lineup
Player
Squad
Today's Top Quizzes in Sports
Browse Sports
hide this ad
Today's Top Quizzes in Football
Browse Football
Top Contributed Quizzes in Sports
1
Les meilleurs buteurs des matchs entre le PSG et l’OM
2
Les entraîneurs de l'OM et du PSG au 21e siècle
3
FIFA Club World Cup Champions
4
2022 World Cup Stars
5
Name the Premier League winners with different clubs
6
La finale Lions - Afrique du Sud 2021
7
Criteria MLB: Left Handed Sluggers
8
Players with Multiple 50 Home Run Seasons
9
MLB Players with Two .350 Batting Average Seasons
10
MLB Hall of Famer by Rings
Explore More
Trending Topics
Kpop
Crossword
Disney
NBA
Anime
Harry Potter
Marvel
Country
Soccer
Song
WWE
Pokémon
NFL
The Office
Puzzle
hide this ad
More By:
dema77
Quiz
Plays
Rating
Category
Featured
Created
Copa Libertadores Winners' Starting XI (2001-2015)
1,139
3.00
Sports
Sep 12, 2013
Brazilian Championship Winners' Starting XI (1988-2002)
554
5.00
Sports
Sep 11, 2013
Brazilian's Championship Top Scorers
167
Sports
Feb 13, 2013
Brazilian Winners' Starting XI
95
Sports
Apr 3, 2020
Corinthians Players Per Season
93
Sports
Apr 10, 2020
Go to Creator's Profile
Score Distribution
Quiz Creator Spotlight
dema77
Follow
Send a Message
Quizzes Created
-
Created Quiz Play Count
-
More By This Creator
Popular Quizzes Today
1
Find the US States - No Outlines Minefield
2
Find the Countries of Europe - No Outlines Minefield
3
The Countries of the World
4
Popular People in 1961
5
1-10 Letter E Words III
6
US States
7
Find the US States
8
One Thing in Common: World Cities II
More Sports Quizzes
Get the Picture: Olympic Swimming Strokes
Editor's Pick
Trending Quizzes
Risky Map Clicking: Least Populous States A-Z
1-10 Letter F Words
1-10 Letter G Words
One Thing in Common: United Kingdom
Risky Map Clicking: Next State Alphabetically
Recently Updated
Leaping Animals
pecheneg
Reality TV Shows (A-Z)
bhenderson79
Rickey Henderson's Hall of Fame Teammates
pecheneg
Champions League XIs: Arsenal
pecheneg
Quick Pick: Celebrities in WWE's Hall of Fame
aduchscher
A-Z Keypad Blitz II
pecheneg
Multiple Oscar Actors
pecheneg
Mystery Phrase Blitz: Oscar 'Best Actors'
pecheneg
F. Scott Fitzgerald Novels
LTH
Pick 3 Villains
ddd62291
Trending Topics
Marvel
Anime
NBA
Kpop
Disney
Crossword
Harry Potter
WWE
The Office
NFL
Puzzle
Pokémon
Song
Country
Soccer
Your Account Isn't Verified!
In order to create a playlist on Sporcle, you need to verify the email address you used during registration. Go to your
Sporcle Settings
to finish the process.
Report this User
Report this user for behavior that violates our
Community Guidelines
.
Details:
Send Report
Go to the Sporcle.com Mobile Site →
Comments